| 000 | 00798cab a2200241 4500 | ||
|---|---|---|---|
| 001 | ABS38729 | ||
| 008 | 090401t1988 xxu||||| |||| 00| 0 eng d | ||
| 035 | _a(Sirsi) u12173 | ||
| 041 | _aeng | ||
| 100 | _aKirkwood, J. | ||
| 245 | _aInformation technology | ||
| 260 | _c1988 | ||
| 350 | _a0 | ||
| 490 |
_aEstates Gazette _v(8802) 16 January 1988, 22-24(2) |
||
| 520 | _aLooks at five computer systems available for property management , giving brief descriptions, costs and capabilites of the systems produced by; Estate Computer Sysyems , Fraser Williams , Mentor Management , PMSL Computer Services and Trace Computers . | ||
| 650 | _aCOMPUTERS | ||
| 650 | _aPICK | ||
| 650 | _aPREMIS | ||
| 650 | _aTRAMPS | ||
| 690 | _aPRACTICE AND TECHNIQUES | ||
| 942 | _n0 | ||
| 948 | _c04/03/1997 | ||
| 999 |
_c7790 _d7790 |
||